| 000 | 00736nam a2200229 u 4500 | ||
|---|---|---|---|
| 005 | 20220526063431.0 | ||
| 008 | 170208s2002 mx r 000 0 spa d | ||
| 020 | _a9786079501181 | ||
| 035 | _aUPN01000215854 | ||
| 049 | _aI | ||
| 050 | 4 |
_aPZ76.3 _bV5.72 |
|
| 100 | 1 |
_aVidal, Francine, _d1974 - _940226 |
|
| 245 | 1 | 3 |
_aLa ratoncita que buscaba marido / _cFrancine Vidal ; il. Martine Bourre ; tr. Luis Barbeytia. |
| 260 |
_aMéxico : _bCIDCLI, _c2002. |
||
| 300 |
_a[19] p. : _bil. col. |
||
| 440 | 0 | _aBrincacharcos | |
| 534 |
_pTítulo original: _tLa souris qui cherchait un mari |
||
| 650 | 4 |
_aRATONES - _vLITERATURA INFANTIL _910248 |
|
| 650 | 0 |
_aCuentos infantiles franceses _98588 |
|
| 905 | _aInfantil | ||
| 999 |
_c187954 _d187954 |
||